=LDR 00000nam 2200000 4500 =001 INLIS000000000032157 =005 20130612134158 =008 ***********************************ind** =035 ##$$0010-061300000032157 =041 ##$$a ind =082 ##$$a 492.731 =090 ##$$a R. 492.731, Alk k =100 ##$$a ALKALALI, Arad m =245 ##$$a Kamus indonesia-Arab, Asad M Alkalali =260 ##$$a Bulan Bintang6c1997 $b jakarta =300 ##$$a xv, 624 hal, 20 cm =650 ##$$a Bahasa Arab Indonesia - Kamus =850 ##$$a NBPNMAT